Cyprus and the politics of memory : history, community and conflict

Αποθηκεύτηκε σε:
Λεπτομέρειες βιβλιογραφικής εγγραφής
Άλλοι συγγραφείς: Bryant, Rebecca (Επιμελητής έκδοσης), Παπαδάκης, Γιάννης (Επιμελητής έκδοσης)
Μορφή: Βιβλίο
Γλώσσα:English
Δημοσίευση: London : I.B. Tauris, 2012
Σειρά:International library of twentieth century history
Θέματα:
Ετικέτες: Προσθήκη ετικέτας
Δεν υπάρχουν, Καταχωρήστε ετικέτα πρώτοι!

MARC

LEADER 00000nam a2200000 i 4500
001 1/59150
008 141106s2012 eng d
020 |a 978-1-78076-107-7 
035 |l 10119648 
040 |a GR-MY-UA  |b gre  |e aacr 
041 0 |a eng 
082 0 |a 956.93  |2 (23) 
245 1 0 |a Cyprus and the politics of memory :  |b history, community and conflict /  |c edited by Rebecca Bryant and Yiannis Papadakis 
260 |a London :   |b I.B. Tauris,   |c 2012 
300 |a 275 σ.;  |c 24 εκ. 
490 1 |a International library of twentieth century history  |v ; 51 
504 |a Περιλαμβάνει ευρετήριο 
650 0 0 |a Ethnic conflict  |z Cyprus  |x History. 
651 0 |a Cyprus  |x Historiography. 
700 1 |a Bryant, Rebecca.  |4 edt 
700 1 |a Παπαδάκης, Γιάννης.  |4 edt 
830 0 |a International library of twentieth century history 
852 |a INST  |b LESVOS  |e 20141106  |h 956.93 CYP  |p 005100055014  |q 005100055014  |t BK  |y 0 
901 |a BIBL1-2014-3 
909 |a Λ  |b 191047 
922 |a 1ΕΛΗ  |b 201407  |c ΤΜΗΜΑ ΚΟΙΝΩΝΙΚΗΣ ΑΝΘΡΩΠΟΛΟΓΙΑΣ ΚΑΙ ΙΣΤΟΡΙΑΣ  |d ΙΩΑΝΝΙΔΟΥ 
970 |a ΤΖΑΦΕΡΗ  |b ΕΥΑΓΓΕΛΙΑ  |z 2014/11/05